| 000 | 00637 a2200205 4500 | ||
|---|---|---|---|
| 001 | 61123 | ||
| 005 | 20260407155902.0 | ||
| 008 | 260407a1972 arg spa d | ||
| 003 | AR-UNSa-BCEJYS | ||
| 040 |
_aAR-UNSa-BCEJYS _bspa _cAR-UNSa-BCEJYS |
||
| 080 |
_a351.71 _xBienes públicos. Obras públicas. Impuestos (Contratación pública) |
||
| 245 | 1 | 0 |
_aLicitación pública _pSelección del contratista estatal |
| 264 | 1 |
_aBuenos Aires : _bAbeledo Perrot _c1972 |
|
| 300 |
_a204 p. _c23 cm. |
||
| 041 | _aspa | ||
| 942 | _cBK | ||
| 590 | _aniveau_biblio:m niveau_hierar:0 | ||
| 100 | 1 | _aFiorini, Bartolome A. | |
| 700 | 1 | _aMata, Ismael | |
| 999 |
_c7237 _d7237 |
||